[Event "TCh-FRA Nat1 Final"]
[Site "Belfort FRA"]
[Date "2004.05.08"]
[Round "8"]
[White "Midoux,S"]
[Black "Sebag,M"]
[Result "0-1"]
[WhiteElo "2305"]
[BlackElo "2398"]
[EventDate "2004.05.01"]

1. d4 d5 2. c4 c6 3. Nc3 Nf6 4. e3 a6 5. Nf3 b5 6. b3 Bg4 7. Be2 Nbd7 8.
Bb2 Qb8 9. c5 b4 10. Na4 e6 11. O-O Be7 12. Ne1 Bxe2 13. Qxe2 Bd8 14. Nc2
O-O 15. a3 a5 16. axb4 axb4 17. Ra2 Bc7 18. g3 Qb5 19. Qd2 Ne4 20. Qd1 f5
21. Kg2 g5 22. f3 Nef6 23. Qd2 Rab8 24. Rd1 g4 25. f4 Ne4 26. Qd3 h5 27.
Qxb5 cxb5 28. Nb6 Nxb6 29. cxb6 Bd6 30. Ra6 Rfc8 31. Ne1 Rc6 32. Rda1 Rcxb6
33. Nd3 Rxa6 34. Rxa6 Rc8 35. Nc5 Bxc5 36. dxc5 Nxc5 37. Ra7 Nxb3 38. Bf6
Rc2+ 39. Kg1 Nd2 40. Rg7+ Kf8 41. Rb7 d4 42. Be7+ Ke8 43. Bxb4 dxe3 44.
Re7+ Kd8 45. Rxe6 Nf3+ 46. Kf1 Rf2+ 0-1

[Event "TCh-FRA Nat1 Final"]
[Site "Belfort FRA"]
[Date "2004.05.08"]
[Round "8"]
[White "Leconte,M"]
[Black "Gervais,C"]
[Result "1-0"]
[WhiteElo "2271"]
[BlackElo "2148"]
[EventDate "2004.05.01"]

1. e4 e6 2. d4 d5 3. Nc3 Bb4 4. a3 Bxc3+ 5. bxc3 dxe4 6. Qg4 Nf6 7. Qxg7
Rg8 8. Qh6 c5 9. Ne2 Rg6 10. Qd2 Bd7 11. c4 Bc6 12. Bb2 Ng4 13. Nf4 Rg5 14.
d5 exd5 15. cxd5 Ba4 16. O-O-O e3 17. fxe3 Nd7 18. Bd3 Nde5 19. Rdf1 Qb6
20. h4 Rg7 21. Be2 Qd6 22. Qc3 f6 23. Nh5 Re7 24. Rf4 Bd7 25. Bxg4 Nxg4 26.
Rxg4 Bxg4 27. Nxf6+ Kd8 28. Nxg4 Kc7 29. Nf6 Rd8 30. e4 Qf4+ 31. Kb1 b6 32.
d6+ Kxd6 33. Rd1+ 1-0

[Event "TCh-FRA Nat1 Final"]
[Site "Belfort FRA"]
[Date "2004.05.08"]
[Round "8"]
[White "Khenkin,I"]
[Black "Izoria,Z"]
[Result "1/2-1/2"]
[WhiteElo "2596"]
[BlackElo "2573"]
[EventDate "2004.05.01"]

1. d4 Nf6 2. c4 e6 3. Nf3 d5 4. Nc3 Bb4 5. Bg5 h6 6. Bxf6 Qxf6 7. e3 O-O 8.
Rc1 dxc4 9. Bxc4 c5 10. O-O cxd4 11. exd4 Bxc3 12. Rxc3 Nc6 13. Bb5 Bd7 14.
Ne5 Rad8 1/2-1/2

[Event "TCh-FRA Nat1 Final"]
[Site "Belfort FRA"]
[Date "2004.05.08"]
[Round "8"]
[White "Guidarelli,L"]
[Black "Bischoff,K"]
[Result "0-1"]
[WhiteElo "2444"]
[BlackElo "2555"]
[EventDate "2004.05.01"]

1. e4 c5 2. Nf3 d6 3. Nc3 Nc6 4. d4 cxd4 5. Nxd4 Nf6 6. Bg5 e6 7. Qd2 a6 8.
O-O-O Bd7 9. f3 Be7 10. h4 h6 11. Be3 h5 12. Kb1 Ne5 13. Bg5 b5 14. Bd3 Qb6
15. Nce2 b4 16. Rhe1 a5 17. f4 Neg4 18. e5 dxe5 19. fxe5 Nxe5 20. Nf5 exf5
21. Nf4 Qc5 22. Qe2 Nfg4 23. Bxe7 Kxe7 24. Bc4 Be6 25. Bxe6 fxe6 26. Ng6+
Kf6 27. Nxh8 Rxh8 28. Qd2 Nf7 29. Qe2 Nge5 30. Rd7 g6 31. Rb7 Rd8 32. Rb5
Qd4 33. b3 a4 0-1

[Event "TCh-FRA Nat1 Final"]
[Site "Belfort FRA"]
[Date "2004.05.08"]
[Round "8"]
[White "Nijboer,F"]
[Black "Lepelletier,B"]
[Result "1/2-1/2"]
[WhiteElo "2578"]
[BlackElo "2450"]
[EventDate "2004.05.01"]

1. e4 c5 2. Nf3 e6 3. Nc3 a6 4. d4 cxd4 5. Nxd4 d6 6. Be2 Nf6 7. f4 Be7 8.
O-O O-O 9. Kh1 Qc7 10. a4 b6 11. e5 dxe5 12. fxe5 Nfd7 13. Bf4 Bb7 14. Bd3
Nc5 15. Qg4 Rd8 16. Nf3 Nxd3 17. cxd3 Nd7 18. Rac1 Bxf3 19. Qxf3 Qa7 20. d4
Nf8 21. d5 exd5 22. Nxd5 Ne6 23. Bh6 Rxd5 24. Qxf7+ Kh8 25. Bxg7+ Nxg7 26.
Qxd5 Re8 27. Rf7 Qb8 28. Qd7 Bf8 29. Re1 Qc8 30. Qxc8 Rxc8 31. e6 Nxe6 32.
Rf6 Nc5 33. Rxb6 Nd3 34. Rb1 Bc5 35. Rxa6 1/2-1/2

[Event "TCh-FRA Nat1 Final"]
[Site "Belfort FRA"]
[Date "2004.05.08"]
[Round "8"]
[White "Guadalpi,D"]
[Black "Gouliev,N"]
[Result "1/2-1/2"]
[WhiteElo "2274"]
[BlackElo "2449"]
[EventDate "2004.05.01"]

1. e4 e6 2. d4 d5 3. Nc3 Nf6 4. Bg5 dxe4 5. Nxe4 Be7 6. Bxf6 Bxf6 7. Nf3
Nd7 8. Bd3 b6 9. Qd2 Bb7 10. O-O-O Qe7 11. Qf4 O-O-O 12. Rhe1 Kb8 13. Kb1
Nf8 14. c3 Ng6 15. Qe3 Rd5 16. Nxf6 1/2-1/2

[Event "TCh-FRA Nat1 Final"]
[Site "Belfort FRA"]
[Date "2004.05.08"]
[Round "8"]
[White "Nezar,M"]
[Black "Simonet,M"]
[Result "1-0"]
[WhiteElo "2396"]
[BlackElo "2297"]
[EventDate "2004.05.01"]

1. d4 d5 2. c4 c6 3. Nc3 Nf6 4. e3 a6 5. Qc2 b5 6. b3 e6 7. Bd3 Nbd7 8. Nf3
Bd6 9. O-O Bb7 10. e4 dxc4 11. bxc4 e5 12. c5 Bc7 13. Ne2 Qe7 14. Bb2 O-O
15. Ng3 g6 16. Rfe1 Rad8 17. Bf1 exd4 18. e5 Nd5 19. Bxd4 Rfe8 20. Qc1 Nf8
21. Ne4 Ne6 22. Bb2 Bc8 23. Nd6 Rf8 24. Qh6 Rfe8 25. Rad1 Qf8 26. Qc1 Re7
27. g3 h6 28. Bg2 Kh7 29. Nd2 Ng7 30. N2e4 Ne8 31. Nxc8 Rxc8 32. Nd6 Rd8
33. Bxd5 cxd5 34. Rxd5 f6 35. exf6 Nxf6 36. Rxe7+ Qxe7 37. Re5 Qf8 38. Re6
Ne8 39. Qc2 1-0

[Event "TCh-FRA Nat1 Final"]
[Site "Belfort FRA"]
[Date "2004.05.08"]
[Round "8"]
[White "Kovarcik,T"]
[Black "Philippe,C"]
[Result "0-1"]
[WhiteElo "2229"]
[BlackElo "2352"]
[EventDate "2004.05.01"]

1. d4 f5 2. Nc3 Nf6 3. Bg5 d5 4. Bxf6 exf6 5. e3 Be6 6. Bd3 Nc6 7. a3 Qd7
8. Nge2 O-O-O 9. Qd2 Kb8 10. b4 Ne7 11. Nc1 Nc8 12. Nb3 b6 13. Ne2 Nd6 14.
c3 Ne4 15. Qc2 h5 16. h4 Re8 17. a4 g5 18. a5 f4 19. axb6 cxb6 20. Bxe4
dxe4 21. exf4 Bc4 22. fxg5 fxg5 23. hxg5 e3 24. f3 Qd5 25. Qg6 Bd6 26. Nbc1
h4 27. Qg7 a6 28. Rh3 Rhg8 29. Qf6 Rxg5 30. Nf4 Bxf4 31. Qxf4+ Ka8 32. Rh2
Bb5 33. Ra2 Qc4 34. Kd1 Qf1+ 35. Kc2 Rxg2+ 36. Rxg2 Qxg2+ 37. Kb3 Qg8+ 38.
Ka3 e2 39. Nxe2 Bxe2 40. Qxh4 Qc4 41. Qe1 Qxa2+ 0-1

[Event "TCh-FRA Nat1 Final"]
[Site "Belfort FRA"]
[Date "2004.05.08"]
[Round "8"]
[White "Spielmann,Al"]
[Black "Kovarcik,Gu"]
[Result "0-1"]
[WhiteElo "2275"]
[BlackElo "2192"]
[EventDate "2004.05.01"]

1. c4 c6 2. e4 d5 3. exd5 cxd5 4. cxd5 Nf6 5. Nc3 Nxd5 6. d4 e6 7. Bd3 Bb4
8. Bd2 Nc6 9. Nf3 Nf6 10. Bg5 h6 11. Be3 O-O 12. O-O b6 13. Qd2 Bb7 14.
Rad1 Ne7 15. Bxh6 gxh6 16. Qxh6 Nf5 17. Bxf5 exf5 18. Ng5 Re8 19. Rd3 Bf8
20. Qh4 Bg7 21. Rg3 Qd6 22. Nf3 f4 23. Nb5 Qe7 24. Rg5 Nh7 25. Rxg7+ Kxg7
26. Qxf4 Rad8 27. Nh4 Qe4 28. Qg3+ Kh8 29. f3 Qe3+ 30. Rf2 Qe1+ 0-1

[Event "TCh-FRA Nat1 Final"]
[Site "Belfort FRA"]
[Date "2004.05.08"]
[Round "8"]
[White "Mallet,L"]
[Black "Paci,C"]
[Result "0-1"]
[WhiteElo "2082"]
[BlackElo "2209"]
[EventDate "2004.05.01"]

1. e4 c5 2. Nf3 Nc6 3. b3 e5 4. Bb2 d6 5. c3 Nf6 6. Qc2 Bg4 7. Be2 Be7 8.
O-O O-O 9. h3 Bh5 10. a4 d5 11. d3 Qc7 12. Nbd2 Rad8 13. Rfe1 Rfe8 14. Bf1
Bf8 15. g3 a6 16. Bg2 d4 17. g4 Bg6 18. cxd4 cxd4 19. Rec1 Qb8 20. Nc4 b5
21. axb5 axb5 22. Na5 Nb4 23. Qd2 Qb6 24. Nxe5 Rxe5 25. f4 Ree8 26. f5 Nd7
27. fxg6 hxg6 28. Qg5 Ra8 29. e5 Rxa5 30. Rxa5 Qxa5 31. Bxd4 Nxd3 32. Bd5
Nxc1 33. Qxg6 Qe1+ 34. Kh2 Nxe5 0-1

[Event "TCh-FRA Nat1 Final"]
[Site "Belfort FRA"]
[Date "2004.05.08"]
[Round "8"]
[White "Movsesian,S"]
[Black "Varga,P"]
[Result "1-0"]
[WhiteElo "2647"]
[BlackElo "2468"]
[EventDate "2004.05.01"]

1. e4 c5 2. Nf3 d6 3. Nc3 a6 4. d4 cxd4 5. Nxd4 Nf6 6. Be3 e6 7. f3 b5 8.
g4 Bb7 9. Qd2 Nfd7 10. O-O-O Nb6 11. Qf2 N8d7 12. Bd3 Rc8 13. Nce2 Nc4 14.
Bxc4 Rxc4 15. Kb1 Qc8 16. Ng3 d5 17. exd5 Bxd5 18. Rhe1 Qa8 19. Nh5 Nf6 20.
Nf4 Bd6 21. g5 Bxf4 22. gxf6 Bxe3 23. Qxe3 gxf6 24. b3 Rc7 25. Qf4 Kd7 26.
Qxf6 Qd8 27. Qxf7+ Kc8 28. Qf4 Rf8 29. Qe5 Qf6 30. Qd6 e5 31. Qxd5 exd4 32.
Re6 Qf7 33. Rxd4 Kb8 34. Rxa6 Qxd5 35. Rxd5 Rxf3 36. Rxb5+ Kc8 37. Ra8+ Kd7
38. Rd5+ Ke6 39. Rd2 1-0

[Event "TCh-FRA Nat1 Final"]
[Site "Belfort FRA"]
[Date "2004.05.08"]
[Round "8"]
[White "Roos,D"]
[Black "Lutz,C"]
[Result "0-1"]
[WhiteElo "2411"]
[BlackElo "2597"]
[EventDate "2004.05.01"]

1. d4 Nf6 2. Nf3 e6 3. c4 b6 4. a3 Bb7 5. Nc3 d5 6. cxd5 Nxd5 7. e3 Be7 8.
Bb5+ c6 9. Bd3 O-O 10. O-O c5 11. Qe2 Nd7 12. Rd1 Nxc3 13. bxc3 Qc7 14. a4
Rac8 15. Bb2 Rfe8 16. c4 Bf6 17. a5 h6 18. axb6 axb6 19. Nd2 Red8 20. Rac1
cxd4 21. exd4 Nf8 22. Qg4 g6 23. Ne4 Bg7 24. Qh4 g5 25. Qh3 Ng6 26. Qe3 Nh4
27. Bf1 Nf5 28. Qe1 Nxd4 29. c5 Bxe4 30. Qxe4 bxc5 31. Ba6 Qc6 32. Qxc6
Rxc6 33. Bxd4 Bxd4 34. Bc4 Rb6 35. Rd2 Rdb8 36. Kf1 Kg7 37. Ke2 Kf6 38. Ra2
Rb2+ 39. Rc2 Rb1 40. Ra3 R8b2 41. Bd3 Ke5 42. Ra2 Rxc2+ 43. Rxc2 Rg1 44.
Kf3 f5 45. h3 h5 46. Bc4 Kf6 47. g3 g4+ 48. hxg4 hxg4+ 49. Ke2 Rh1 50. Ra2
Rc1 51. Bb3 Rc3 52. Bd1 e5 53. Ra6+ Kg5 0-1

[Event "TCh-FRA Nat1 Final"]
[Site "Belfort FRA"]
[Date "2004.05.08"]
[Round "8"]
[White "Glek,I"]
[Black "Maier,C"]
[Result "1-0"]
[WhiteElo "2571"]
[BlackElo "2362"]
[EventDate "2004.05.01"]

1. c4 e5 2. g3 Nc6 3. Bg2 h5 4. h4 Bc5 5. Nc3 a6 6. Nf3 d6 7. O-O Nge7 8.
a3 Ba7 9. d3 Bg4 10. Nh2 Qd7 11. Nxg4 hxg4 12. e3 f5 13. Rb1 Nd8 14. b4 Nf7
15. Bxb7 Rb8 16. Bg2 g5 17. hxg5 Nxg5 18. e4 Nh3+ 19. Bxh3 Rxh3 20. Kg2 f4
21. gxf4 Ng6 22. Rg1 Rh2+ 23. Kf1 Rxf2+ 24. Ke1 Nxf4 25. c5 Rf3 26. Bxf4
exf4 27. Nd5 Kf7 28. Rh1 Kg6 29. Rb2 Bxc5 30. Rg2 Bf2+ 31. Rxf2 Rxf2 32.
Kxf2 Kg5 33. Rh5+ 1-0

[Event "TCh-FRA Nat1 Final"]
[Site "Belfort FRA"]
[Date "2004.05.08"]
[Round "8"]
[White "Roos,J"]
[Black "Wirig,A"]
[Result "0-1"]
[WhiteElo "2321"]
[BlackElo "2422"]
[EventDate "2004.05.01"]

1. d4 d5 2. c4 c6 3. Nf3 Nf6 4. e3 a6 5. Nc3 b5 6. b3 Bg4 7. Be2 Nbd7 8.
O-O e6 9. Bb2 Bd6 10. c5 Bb8 11. h3 Bf5 12. b4 a5 13. a3 O-O 14. Na2 Ne4
15. bxa5 Qxa5 16. Nb4 Rc8 17. Re1 Qc7 18. Bd3 g5 19. Qc2 h5 20. Kf1 g4 21.
hxg4 hxg4 22. Nh4 Qh2 23. Nxf5 exf5 24. Bxe4 fxe4 25. Ke2 Qxg2 26. Rg1 Qf3+
27. Kf1 Nf6 28. a4 bxa4 29. Rxa4 Rxa4 30. Qxa4 g3 31. Qc2 Ng4 32. Qe2 Nh2+
33. Ke1 Qxe2+ 34. Kxe2 Nf3 35. Rg2 Nh4 36. Rxg3+ Bxg3 37. fxg3 Nf3 38. Bc3
Kf8 39. Kf2 Ke7 0-1

[Event "TCh-FRA Nat1 Final"]
[Site "Belfort FRA"]
[Date "2004.05.08"]
[Round "8"]
[White "Bijaoui,M"]
[Black "Roos,Louis"]
[Result "1-0"]
[WhiteElo "2324"]
[BlackElo "2351"]
[EventDate "2004.05.01"]

1. e4 e6 2. d4 d5 3. Nd2 Nf6 4. e5 Nfd7 5. Bd3 c5 6. c3 Nc6 7. Ngf3 g6 8.
O-O Bg7 9. Re1 O-O 10. h4 cxd4 11. cxd4 f6 12. exf6 Qxf6 13. Nb3 e5 14.
dxe5 Ndxe5 15. Be2 Kh8 16. Qxd5 Bg4 17. Bg5 Bxf3 18. gxf3 Qf5 19. Qe4 Qh3
20. f4 Nf7 21. Bc4 Nxg5 22. fxg5 Be5 23. Qg2 Qxh4 24. Re4 Bh2+ 25. Kh1 Bf4+
26. Kg1 Qxg5 27. Rae1 Qxg2+ 28. Kxg2 Bd6 29. a3 Rad8 30. R1e2 Kg7 31. Bd5
Rd7 32. Bxc6 bxc6 33. Nd4 Rc8 34. Rd2 Kf6 35. Nb3 Rcc7 36. Red4 Ke7 37.
Re4+ Kf7 38. Red4 Ke7 39. Re4+ Kd8 40. Nd4 Kc8 41. Re8+ Rd8 42. Rxd8+ Kxd8
43. Ne6+ Kd7 44. Nxc7 Kxc7 45. Kf3 h5 46. Rd1 g5 47. Rh1 h4 48. Kg4 Bc5 49.
Rh2 Be7 50. Rh3 a5 51. Re3 Kd6 52. Kf5 Bd8 53. Rd3+ Kc7 54. Ke6 Kc8 55. Rc3
Bb6 56. Rxc6+ Kb7 57. Rc3 Bxf2 58. Kf5 Bd4 59. Rb3+ Kc6 60. Kxg5 h3 61.
Rxh3 Bxb2 62. Rb3 Bxa3 63. Rxa3 Kb5 64. Kf4 Kb4 65. Ra1 a4 66. Ke3 a3 67.
Kd2 Kb3 68. Rb1+ Ka2 69. Rb4 Ka1 70. Kc3 1-0

[Event "TCh-FRA Nat1 Final"]
[Site "Belfort FRA"]
[Date "2004.05.08"]
[Round "8"]
[White "Aguettaz,M"]
[Black "Templier,N"]
[Result "1-0"]
[WhiteElo "2349"]
[BlackElo "2281"]
[EventDate "2004.05.01"]

1. Nf3 Nf6 2. g3 d5 3. c4 c6 4. Bg2 g6 5. b3 Bg7 6. Bb2 Qb6 7. Qc2 Bf5 8.
d3 dxc4 9. Qxc4 O-O 10. O-O Nbd7 11. Nbd2 h6 12. Rac1 Qd8 13. Rfd1 Nb6 14.
Qc2 Qc8 15. e4 Bh3 16. Bh1 Rd8 17. d4 Qe6 18. Ne5 Ng4 19. Nd3 g5 20. Nc5
Qf6 21. Nf3 Rab8 22. e5 Qg6 23. Qxg6 fxg6 24. Bg2 Bxg2 25. Kxg2 h5 26. h3
Nh6 27. Nxg5 Nd5 28. Nge6 Rdc8 29. Rc2 Nf7 30. Bc1 Nd8 31. Nf4 Nxf4+ 32.
Bxf4 e6 33. Bg5 Kf7 34. Rd3 b6 35. Na6 Rb7 36. f4 Ke8 37. Nb4 Bf8 38. Bxd8
Bxb4 39. Bf6 Rd7 40. Kf3 Rcc7 41. Ke4 Rh7 42. Rd1 b5 43. Rdc1 Kd7 44. Rg1
Bf8 45. g4 hxg4 46. h4 c5 47. d5 exd5+ 48. Kxd5 Ke8 49. e6 Rh5+ 50. Bg5 a5
51. Rxg4 c4 52. bxc4 Rc5+ 53. Kd4 Rc6 54. c5 Rxe6 55. c6 Rd6+ 56. Ke3 Rxg5
57. Rxg5 Kd8 58. c7+ 1-0

[Event "TCh-FRA Nat1 Final"]
[Site "Belfort FRA"]
[Date "2004.05.08"]
[Round "8"]
[White "Moret,V"]
[Black "Herbrechtsmeier,C"]
[Result "1-0"]
[WhiteElo "2179"]
[BlackElo "2292"]
[EventDate "2004.05.01"]

1. Nf3 g6 2. c4 Bg7 3. e4 c5 4. d4 cxd4 5. Nxd4 Nc6 6. Be3 Nf6 7. Nc3 d6 8.
Be2 Ng4 9. Bxg4 Bxg4 10. Nxc6 Bxd1 11. Nxd8 Bc2 12. Kd2 Bxc3+ 13. Kxc2 1-0

[Event "TCh-FRA Nat1 Final"]
[Site "Belfort FRA"]
[Date "2004.05.08"]
[Round "8"]
[White "Fruteau,S"]
[Black "Klipper,R"]
[Result "1/2-1/2"]
[WhiteElo "2120"]
[BlackElo "2067"]
[EventDate "2004.05.01"]

1. e4 c5 2. Nf3 g6 3. d4 cxd4 4. Nxd4 Nf6 5. Bd3 Nc6 6. Nxc6 bxc6 7. O-O
Bg7 8. c4 d5 9. cxd5 cxd5 10. exd5 Bb7 11. Bb5+ Kf8 12. d6 Qxd6 13. Qxd6
exd6 14. Nc3 Ne4 15. Bf4 Rd8 16. Rad1 Nxc3 17. bxc3 d5 18. c4 d4 19. c5 Bf6
20. c6 Bc8 21. c7 Rd5 22. Bc6 Ra5 23. Rb1 Kg7 24. Rfc1 Be5 25. Bxe5+ Rxe5
26. Bb7 Re7 27. Bf3 d3 28. h4 d2 29. Rd1 Bf5 30. Rb2 Rxc7 31. Rdxd2 Re8 32.
Rd4 Re1+ 33. Kh2 Rec1 34. Ra4 Be6 35. Kg3 1/2-1/2

[Event "TCh-FRA Nat1 Final"]
[Site "Belfort FRA"]
[Date "2004.05.08"]
[Round "8"]
[White "Kogan,Ar"]
[Black "Gharamian,T"]
[Result "1-0"]
[WhiteElo "2543"]
[BlackElo "2341"]
[EventDate "2004.05.01"]

1. e4 c5 2. Nf3 d6 3. Nc3 a6 4. g3 Nc6 5. Bg2 g6 6. d4 cxd4 7. Nxd4 Bg7 8.
Be3 Bd7 9. Nd5 Rb8 10. O-O Nf6 11. h3 O-O 12. Re1 Rc8 13. c3 Ne5 14. a4 Nc4
15. Bc1 e5 16. Nxf6+ Bxf6 17. Nc2 Be6 18. Nb4 Qb6 19. Re2 Qc5 20. Bh6 Bg7
21. Bc1 h6 22. Kh2 Kh7 23. Nd3 Qb6 24. Nb4 Qc5 25. Nd3 Qb6 26. Rb1 Na5 27.
Be3 Qb3 28. Nb4 Bc4 29. Rd2 Qxd1 30. Rdxd1 Bb3 31. Rxd6 Nc4 32. Rd7 Nxe3
33. fxe3 Rcd8 34. Rxb7 Rd2 35. a5 h5 36. Re1 Rfd8 37. Nc6 R8d6 38. Rxb3
Rxc6 39. Kg1 Rc5 40. Rf1 Kg8 41. Rb8+ Bf8 42. Rf2 Rd1+ 43. Bf1 Rxa5 44. Kg2
Raa1 45. Rb7 Bc5 46. Rbxf7 Rd2 47. Bc4 Rxf2+ 48. Kxf2 Kh8 49. b4 Bd6 50.
Rf6 Be7 51. Re6 1-0

[Event "TCh-FRA Nat1 Final"]
[Site "Belfort FRA"]
[Date "2004.05.08"]
[Round "8"]
[White "Julve,P"]
[Black "Huebner,R"]
[Result "0-1"]
[WhiteElo "2297"]
[BlackElo "2603"]
[EventDate "2004.05.01"]

1. d4 Nf6 2. c4 e6 3. Nc3 Bb4 4. e3 O-O 5. Nge2 d5 6. a3 Bd6 7. c5 Be7 8.
Nf4 c6 9. Nd3 b6 10. b4 Ba6 11. f4 Nfd7 12. Bd2 f6 13. Rc1 Bc4 14. f5 exf5
15. Nf4 Bxf1 16. Ne6 Qc8 17. Nxf8 Bxg2 18. Rg1 Nxf8 19. Rxg2 Qe6 20. Qf3
Ng6 21. Re2 bxc5 22. bxc5 Nd7 23. Rb1 Ndf8 24. Qg3 Qc8 25. h4 Bd8 26. h5
Bc7 27. Qg1 Ne7 28. Rg2 Ne6 29. Ne2 Rb8 30. Rd1 Ng5 31. Kf1 Rb3 32. Ra1 Nf3
33. Rxg7+ Kh8 34. Qg2 Nxd2+ 35. Ke1 Qf8 36. Rxe7 Qxe7 37. Kxd2 Qxe3+ 38.
Kc2 Qd3+ 39. Kc1 Ba5 40. Nf4 Qc3+ 0-1

[Event "TCh-FRA Nat1 Final"]
[Site "Belfort FRA"]
[Date "2004.05.08"]
[Round "8"]
[White "Hernandez,Gi"]
[Black "Froeyman,H"]
[Result "1/2-1/2"]
[WhiteElo "2530"]
[BlackElo "2308"]
[EventDate "2004.05.01"]

1. e4 e5 2. Nf3 Nc6 3. Bb5 a6 4. Ba4 Nf6 5. O-O Be7 6. Re1 b5 7. Bb3 d6 8.
c3 O-O 9. d4 Bg4 10. d5 Na5 11. Bc2 Qc8 12. h3 Bh5 13. Nbd2 c6 14. dxc6
Qxc6 15. Nf1 Rfe8 16. Ng3 Bg6 17. Nh4 Rad8 18. Ngf5 Nc4 19. a4 Bf8 20. axb5
axb5 21. Qf3 d5 22. exd5 Rxd5 23. Nxg6 hxg6 24. Ne3 e4 25. Qe2 Nxe3 26.
Bxe3 Bc5 27. c4 Rde5 28. cxb5 Qc8 29. Bb3 Bxe3 30. Qxe3 Nd5 31. Qc1 Qf5 32.
Ra7 Kh7 33. b6 e3 34. fxe3 Nxe3 35. Rxf7 Qe4 36. Rf2 Qd4 37. Qd2 Qxb6 38.
Ba2 Ng4 39. Rxe5 Nxf2 40. Qxf2 Qxf2+ 41. Kxf2 Rxe5 42. Bc4 Kh6 43. Bd3 Ra5
44. b4 Ra2+ 45. Kf3 Kg5 46. b5 Rb2 47. g3 Kf6 48. Ke3 Ke5 49. Bxg6 Rxb5 50.
h4 Rb3+ 51. Kf2 Kd4 52. Bh7 Ra3 53. Bg6 Ra6 54. Bh7 Rf6+ 55. Ke2 Ke5 56.
Ke3 g6 57. g4 Re6 58. h5 Kf6+ 59. Kf3 gxh5 60. gxh5 1/2-1/2

[Event "TCh-FRA Nat1 Final"]
[Site "Belfort FRA"]
[Date "2004.05.08"]
[Round "8"]
[White "Schmitt,An"]
[Black "Bergez,L"]
[Result "1/2-1/2"]
[WhiteElo "2267"]
[BlackElo "2387"]
[EventDate "2004.05.01"]

1. e4 c5 2. c3 d5 3. exd5 Qxd5 4. d4 Nf6 5. Nf3 Bg4 6. Be2 e6 7. h3 Bh5 8.
O-O Nc6 9. Be3 cxd4 10. cxd4 Be7 11. Nc3 Qd6 12. a3 O-O 13. Qb3 Rfd8 14.
Rfd1 Rac8 15. Rac1 Qb8 16. d5 exd5 17. Nxd5 Nxd5 18. Rxd5 Bxf3 19. Rxd8+
Bxd8 20. Bxf3 Nd4 21. Qd5 Nxf3+ 22. Qxf3 Rxc1+ 23. Bxc1 Qe5 24. Qe3 Bc7 25.
Qxe5 Bxe5 26. Kf1 Kf8 27. Ke2 Ke7 28. Kd3 Kd6 29. Kc4 Kc6 30. a4 a6 31. b3
b5+ 32. axb5+ axb5+ 33. Kd3 Kd5 34. Be3 f5 35. f3 Ba1 36. Bf4 Bd4 37. g4
Be5 38. Be3 Ke6 39. Bd2 Kf6 40. Be3 g6 41. Bd2 Bg3 42. Kd4 f4 43. Ba5 Ke6
44. Kc5 Bf2+ 45. Kxb5 Kd5 46. b4 Be3 47. Bb6 Bd2 48. Bc5 Be3 49. Kb6 Bd2
50. Kc7 Be3 51. Bd6 Kc4 52. Kc6 g5 53. Bc5 h6 54. Bf8 Kd3 55. b5 Ke2 56.
Bc5 Kxf3 57. b6 Bxc5 58. Kxc5 Kg2 59. b7 f3 60. b8=Q f2 61. Qb2 Kg1 62. Qd4
Kg2 63. Qe4+ Kg1 64. Qe3 Kg2 65. Qe4+ Kg1 66. Qe3 Kg2 67. Qe2 Kg1 1/2-1/2

[Event "TCh-FRA Nat1 Final"]
[Site "Belfort FRA"]
[Date "2004.05.08"]
[Round "8"]
[White "Belkhodja,S"]
[Black "Bouhallel,R"]
[Result "0-1"]
[WhiteElo "2449"]
[BlackElo "2312"]
[EventDate "2004.05.01"]

1. e4 c5 2. Nf3 e6 3. b3 d6 4. Bb2 Nf6 5. e5 dxe5 6. Nxe5 Be7 7. Bd3 Nbd7
8. f4 Qc7 9. c4 b6 10. Qe2 Bb7 11. Nc3 Nxe5 12. fxe5 Nd7 13. Nb5 Qc6 14.
O-O a6 15. Nc3 Rd8 16. Nd5 exd5 17. cxd5 Qh6 18. d6 Bg5 19. Bc4 O-O 20. e6
b5 21. exf7+ Kh8 22. Be6 Nf6 23. Be5 Ne4 24. Qg4 Bf6 25. Bxf6 Nxf6 26. Qf5
Qxd2 27. Rf2 Qd4 28. Re1 Rxd6 29. Kh1 Be4 0-1

[Event "TCh-FRA Nat1 Final"]
[Site "Belfort FRA"]
[Date "2004.05.08"]
[Round "8"]
[White "Vallet,M"]
[Black "Brochet,P"]
[Result "1/2-1/2"]
[WhiteElo "2226"]
[BlackElo "2397"]
[EventDate "2004.05.01"]

1. e4 Nf6 2. e5 Nd5 3. d4 d6 4. c4 Nb6 5. exd6 cxd6 6. Nc3 g6 7. h3 Bg7 8.
Nf3 O-O 9. Be2 Nc6 10. O-O Bf5 11. Bf4 Rc8 12. Rc1 e5 13. Bg5 Qd7 14. d5
Nd4 15. b3 Nxe2+ 16. Nxe2 h6 17. Be3 g5 18. Nh2 Bh7 19. Qd2 f5 20. f3 f4
21. Bxb6 axb6 22. Nc3 Bf6 23. Rfe1 h5 24. a4 Bf5 25. Ne4 Bd8 26. Qb4 Bxe4
27. Rxe4 b5 28. axb5 Ra8 29. c5 dxc5 30. Qc4 Qd6 31. Re2 Bf6 32. Nf1 Rfd8
33. Qxc5 Qxc5+ 34. Rxc5 Ra1 35. Kf2 Be7 36. Rc7 Bd6 37. Rc4 b6 38. Nd2 g4
39. fxg4 hxg4 40. Ne4 Be7 41. hxg4 Bh4+ 42. g3 fxg3+ 43. Nxg3 Rxd5 44. g5
Rd4 45. Rxd4 exd4 46. Rd2 Rb1 47. Rd3 Rc1 48. Kg2 Rc3 49. Rf3 Bxg5 50. Ne4
Rc2+ 51. Kf1 Bc1 52. Rd3 Bb2 53. Rd2 Rc1+ 54. Ke2 Bc3 55. Nxc3 dxc3 56. Rd6
Rb1 57. Rc6 Rxb3 58. Kd3 Rxb5 59. Kxc3 Kf7 60. Kc4 Rb1 61. Rd6 Ke7 62. Rd2
Ke6 63. Rd8 Ke5 64. Rd2 b5+ 65. Kc5 Ke4 66. Rd4+ Ke5 67. Rb4 1/2-1/2

[Event "TCh-FRA Nat1 Final"]
[Site "Belfort FRA"]
[Date "2004.05.08"]
[Round "8"]
[White "Abergel,T"]
[Black "Mancini,M"]
[Result "1/2-1/2"]
[WhiteElo "2433"]
[BlackElo "2309"]
[EventDate "2004.05.01"]

1. d4 d5 2. Nf3 Bf5 3. c4 e6 4. Nc3 c6 5. Qb3 Qb6 6. c5 Qxb3 7. axb3 Nd7 8.
b4 a6 9. Bf4 Rc8 10. h3 f6 11. e3 Nh6 12. Nd2 e5 13. Bh2 Be7 14. Be2 O-O
15. O-O Rfe8 16. Bf3 Bd3 17. Rfe1 Bd8 18. Nxd5 cxd5 19. Bxd5+ Nf7 20. Bxb7
Rb8 21. Bc6 Bb5 22. Bd5 Kf8 23. Ne4 Bc7 24. Nc3 Red8 25. b3 Nh6 26. Nxb5
Rxb5 27. Bc4 Rxb4 28. Rxa6 Nf7 29. Rc6 Rb7 30. Ra6 Nb8 31. Ra8 Nc6 32.
Rxd8+ Nfxd8 33. d5 Na5 34. f4 Nxb3 35. fxe5 Nxc5 36. d6 Ba5 37. Ra1 Ra7 38.
Rb1 Rb7 39. Ra1 Ra7 40. Rb1 fxe5 41. Bxe5 Nde6 42. Bd4 Ra8 43. Bd5 Rd8 44.
Be5 Bd2 45. e4 Be3+ 46. Kh2 Nd7 47. Rf1+ Ke8 48. Bg3 Ndc5 49. Bc6+ Nd7 50.
Bd5 Ndc5 51. Rf3 Bd4 52. Ra3 g5 53. Ra7 Nf4 54. Re7+ Kf8 55. Rf7+ Ke8 56.
Re7+ Kf8 57. Rf7+ Ke8 58. Rf5 Rxd6 59. Rxg5 Ncd3 60. Rf5 Be3 61. Bf7+ Kd7
62. e5 Rd4 63. Ba2 Ra4 64. e6+ Ke8 65. Bb1 Ra1 66. Rb5 Ke7 67. Rb3 Ba7 68.
Bh4+ Kxe6 69. Bxd3 Nxd3 70. Rxd3 Kf5 71. Rf3+ Kg6 72. Rb3 Bd4 73. Rf3 h5
74. Rd3 Be5+ 75. Bg3 Bxg3+ 76. Kxg3 Ra4 77. h4 Rg4+ 78. Kh3 Ra4 79. Rd6+
Kg7 80. g3 Ra2 81. Rd1 Rb2 82. Rg1 Kg6 83. Rg2 Rxg2 84. Kxg2 Kf5 85. Kf3
Ke5 86. g4 hxg4+ 87. Kg3 Kf5 88. h5 Kg5 89. h6 Kxh6 90. Kxg4 1/2-1/2

[Event "TCh-FRA Nat1 Final"]
[Site "Belfort FRA"]
[Date "2004.05.08"]
[Round "8"]
[White "Lacrosse,M"]
[Black "Simon,O"]
[Result "1/2-1/2"]
[WhiteElo "2283"]
[BlackElo "2283"]
[EventDate "2004.05.01"]

1. d4 Nf6 2. c4 g6 3. Nc3 Bg7 4. e4 d6 5. Nf3 O-O 6. Be2 e5 7. O-O Nc6 8.
d5 Ne7 9. Ne1 Nd7 10. Nd3 f5 11. exf5 Nxf5 12. f3 Nf6 13. Nf2 Bh6 14. Bxh6
Nxh6 15. Qd2 Nf5 16. Nfe4 Nd4 17. Rac1 Nh5 18. g3 Nf6 19. f4 Nxe4 20. Nxe4
Nxe2+ 21. Qxe2 exf4 22. Rxf4 Rxf4 23. gxf4 Qe7 24. Rc3 Bf5 25. Re3 Bxe4 26.
Rxe4 Qf6 27. Re7 Qxf4 28. Qe6+ Kh8 29. Qf7 Qc1+ 30. Kg2 Qxb2+ 31. Kg1 Qc1+
32. Kg2 Qb2+ 33. Kg1 1/2-1/2

[Event "TCh-FRA Nat1 Final"]
[Site "Belfort FRA"]
[Date "2004.05.08"]
[Round "8"]
[White "Roumegous,M"]
[Black "Dewitte,C"]
[Result "0-1"]
[WhiteElo "2178"]
[BlackElo "2016"]
[EventDate "2004.05.01"]

1. d4 e6 2. Nf3 b6 3. e4 Bb7 4. Bd3 c5 5. c3 cxd4 6. cxd4 Nf6 7. Qe2 Be7 8.
Nc3 d6 9. O-O Nbd7 10. Bf4 a6 11. h3 O-O 12. Rac1 b5 13. a3 Rc8 14. Bb1 Re8
15. Rfd1 Qa5 16. Ba2 Nf8 17. Bd2 Qb6 18. Bg5 Ng6 19. Qd3 Red8 20. Qe2 Qa7
21. Nh2 Qa8 22. f3 Qa7 23. Be3 Qb8 24. Nf1 Nh5 25. Qd2 Nf6 26. Ng3 h5 27.
Nge2 e5 28. Ng3 Nh4 29. Bg5 Ng6 30. Nf5 exd4 0-1

[Event "TCh-FRA Nat1 Final"]
[Site "Belfort FRA"]
[Date "2004.05.08"]
[Round "8"]
[White "Schlosser,P"]
[Black "Komarov,D"]
[Result "1/2-1/2"]
[WhiteElo "2564"]
[BlackElo "2565"]
[EventDate "2004.05.01"]

1. d4 Nf6 2. c4 e6 3. Nf3 b6 4. g3 Ba6 5. b3 Bb4+ 6. Bd2 Be7 7. Bg2 c6 8.
Bc3 d5 9. Nbd2 Nbd7 10. O-O O-O 11. Re1 c5 12. e4 dxe4 13. Nxe4 Bb7 14.
Nxf6+ Bxf6 15. Re3 Rc8 16. Rc1 cxd4 17. Bxd4 Qc7 18. Bxf6 Nxf6 19. Ne5
1/2-1/2